|
|
|
|
| LEADER |
00000nab a2200000 a 4500 |
| 001 |
vtls011102850 |
| 003 |
SK-MaSNL |
| 005 |
20260303150112.0 |
| 008 |
230222|1967 xo |||||||||||||||||slo| |
| 015 |
|
|
|a SNBRB
|
| 035 |
|
|
|a (uuid)60b90014-9d96-4355-9640-782eebadc928
|
| 035 |
|
|
|a (urnnbn)urn:nbn:sk:snk:ar-a082u2
|
| 035 |
|
|
|a urn:nbn:sk:snk-ab99i6
|
| 040 |
|
|
|a SNKBUCL
|b slo
|c SNKBUCL
|e AACR2
|
| 041 |
0 |
|
|a slo
|
| 044 |
|
|
|a xo
|c SK
|
| 100 |
1 |
|
|a Leblanc, Ladislav
|4 aut
|9 1169002
|
| 245 |
1 |
0 |
|a Pozor, falzifikát!
|c Ladislav Leblanc
|
| 773 |
0 |
|
|t Svet vedy : populárnovedecký mesačník SAV a Čs. spoločnosti pre šírenie politických a vedeckých poznatkov
|g Roč. 14, č. 4 (1967), s. 222-[229]
|
| 954 |
|
|
|a odborná, vedecká literatúra pôvodná (slovenská)
|2 lita
|
| 958 |
|
|
|a OND
|
| 958 |
|
|
|a EUIPO
|
| 958 |
|
|
|a article13
|
| 999 |
|
|
|c 2007739
|d 2009669
|